| 000 | 01315nam a2200325 a 4500 | ||
|---|---|---|---|
| 001 | 000012154 | ||
| 003 | DO-SdBNP | ||
| 005 | 20251022112239.0 | ||
| 008 | 091106s2008 dr d 000 0 spa d | ||
| 020 | _a9789993459156 | ||
| 040 |
_aDO-SdBNP _bspa _cBNPHU |
||
| 082 | 4 |
_a362.5 _bG894i _222 |
|
| 100 | 1 |
_aGrynspan Mayufis, Rebeca _928728 |
|
| 245 | 1 | 0 |
_aIntroducción a las políticas de superación de la pobreza / _cRebeca Grynspan Mayufis ; revisión José Alcántara. |
| 260 |
_aSanto Domingo : _bCEDAF, _c2008. |
||
| 300 |
_a185 p. : _bdiagras. ; _c23 cm. |
||
| 500 | _aIncluye datos biográficos del autor en la contracubierta | ||
| 504 | _aIncluye referencias bibliográficas y notas al pie de las páginas | ||
| 590 | _aInventariado, 2019/MFF | ||
| 650 | 4 |
_aPobreza _zAmérica Latina _94088 |
|
| 650 | 4 |
_aPobreza _zCaribe (Región) _928729 |
|
| 651 | 4 |
_aAmérica Latina _xPolítica y gobierno _92618 |
|
| 651 | 0 |
_aCaribe (Región) _xPolítica y gobierno _987401 |
|
| 651 | 4 |
_aAmérica Latina _xCondiciones económicas _95778 |
|
| 651 | 0 |
_aCaribe (Región) _xCondiciones económicas _987401 |
|
| 700 | 1 |
_aAlcántara, José, _erev. _928724 |
|
| 710 | 2 |
_aCentro para el Desarrollo Agropecuario y Forestal (República Dominicana) _9130 |
|
| 910 | _aValidado. Control de calidad MFF | ||
| 942 |
_2ddc _cLBS1 |
||
| 999 |
_c11819 _d11819 |
||